[Event "Pardubice KV op"]
[Site "Pardubice"]
[Date "2010.??.??"]
[Round "6"]
[White "Dub, Miroslav"]
[Black "Lapcik, Zdenek"]
[Result "1-0"]
[WhiteElo "1955"]
[BlackElo "1757"]
[PlyCount "95"]
[EventDate "2010.07.??"]
[EventType "swiss"]
[EventRounds "7"]
[EventCountry "CZE"]
[SourceTitle "EXT 2012"]
[Source "ChessBase"]
[SourceDate "2011.11.24"]
[SourceVersion "1"]
[SourceVersionDate "2011.11.24"]
[SourceQuality "1"]

1. e4 c5 2. Nc3 Nc6 3. f4 e6 4. Nf3 g6 5. d4 cxd4 6. Nxd4 Nxd4 7. Qxd4 Qf6 8. e5 Qd8 9. Be3 Ne7 10. Qa4 Nc6 11. 0-0-0 Bb4 12. Ne4 0-0 13. Bb5 Qa5 14. Nf6+ Kg7 15. Nxd7 Qxa4 16. Bxa4 Rd8 17. Nf6 Rxd1+ 18. Rxd1 Be7 19. Ne4 Nb4 20. a3 Nd5 21. Bc5 b6 22. Bc6 Rb8 23. Bxd5 bxc5 24. Bc4 Bb7 25. Re1 Rd8 26. c3 h6 27. g3 g5 28. Kc2 Bc6 29. Bd3 Rd7 30. Nd2 Bd5 31. Be4 gxf4 32. gxf4 f5 33. Rg1+ Kf7 34. Bf3 Bf8 35. c4 Bb7 36. Kc3 Bc8 37. Nb3 Bb7 38. Bxb7 Rxb7 39. Nc1 Rd7 40. Nd3 Rb7 41. b4 cxb4+ 42. axb4 Rc7 43. Ra1 Ke8 44. c5 Kd7 45. Ra6 Be7 46. Kc4 Bf8 47. Nc1 Be7 48. Ne2 1-0

[Event "Pardubice KV op"]
[Site "Pardubice"]
[Date "2010.??.??"]
[Round "5"]
[White "Sarson, Ondrej"]
[Black "Dub, Miroslav"]
[Result "1-0"]
[WhiteElo "1750"]
[BlackElo "1955"]
[PlyCount "95"]
[EventDate "2010.07.??"]
[EventType "swiss"]
[EventRounds "7"]
[EventCountry "CZE"]
[SourceTitle "EXT 2012"]
[Source "ChessBase"]
[SourceDate "2011.11.24"]
[SourceVersion "1"]
[SourceVersionDate "2011.11.24"]
[SourceQuality "1"]

1. e4 d5 2. exd5 c6 3. dxc6 Nxc6 4. Nf3 e5 5. Nc3 Nf6 6. d3 Be7 7. Be2 0-0 8. 0-0 h6 9. Re1 a6 10. h3 Nh7 11. Bf1 Bf6 12. Ne4 Be7 13. Ng3 Qc7 14. Qe2 Re8 15. c3 Bd7 16. Qd1 Rad8 17. Bd2 f5 18. Rc1 g5 19. b4 Qd6 20. a4 Bf6 21. Qb3+ Be6 22. Qb1 Ne7 23. c4 Ng6 24. c5 Qd7 25. b5 Bd5 26. bxa6 bxa6 27. a5 f4 28. Ne4 g4 29. hxg4 Qxg4 30. c6 Be7 31. c7 Rc8 32. Qb6 Kf7 33. Qxa6 Nf6 34. Qb5 Ba8 35. Nxf6 Bxf6 36. Qc4+ Kg7 37. Nh2 Qg5 38. d4 Nh4 39. d5 e4 40. Qa4 Rg8 41. Qd7+ Kh8 42. Ng4 Nf5 43. Nxf6 Qxf6 44. Bxf4 e3 45. Bxe3 Nxe3 46. Rxe3 Qg5 47. Re7 Qg6 48. Qe6 1-0